<?xml version="1.0" encoding="UTF-8"?>
<collection xmlns="http://www.loc.gov/MARC21/slim">
 <record>
  <leader>05649nam a2200373 a 4500</leader>
  <controlfield tag="001">kal2928</controlfield>
  <controlfield tag="003">Gr-AtHEAL</controlfield>
  <controlfield tag="005">20160421090141.0</controlfield>
  <controlfield tag="006">m        d        </controlfield>
  <controlfield tag="008">160413s2015    gr      s           gre|c</controlfield>
  <datafield tag="020" ind1=" " ind2=" ">
   <subfield code="a">9789606033834</subfield>
  </datafield>
  <datafield tag="040" ind1=" " ind2=" ">
   <subfield code="a">GR-AtHEAL</subfield>
   <subfield code="b">gre</subfield>
   <subfield code="c">GR-AtHEAL</subfield>
  </datafield>
  <datafield tag="082" ind1="0" ind2="4">
   <subfield code="a">792.09</subfield>
   <subfield code="2">23</subfield>
  </datafield>
  <datafield tag="100" ind1="1" ind2=" ">
   <subfield code="a">Ταμπάκη, Άννα.</subfield>
   <subfield code="8">1376</subfield>
  </datafield>
  <datafield tag="245" ind1="1" ind2="0">
   <subfield code="a">Ιστορία και δραματολογία ευρωπαϊκού θεάτρου</subfield>
   <subfield code="h">[Ηλεκτρονικός πόρος] </subfield>
   <subfield code="b">Από την αναγέννηση ως τον 18ο αιώνα</subfield>
   <subfield code="c">Ταμπάκη, Άννα ; Σπυριδοπούλου, Μαρία ; Αλτουβά, Αλεξία ; Κριτικός αναγνώστης,Λαλαγιάννη, Βασιλική ; Γλωσσική επιμέλεια,Ντάφος, Βάιος.</subfield>
  </datafield>
  <datafield tag="260" ind1=" " ind2=" ">
   <subfield code="a">Αθήνα :</subfield>
   <subfield code="b">Σύνδεσμος Ελληνικών Ακαδημαϊκών Βιβλιοθηκών,</subfield>
   <subfield code="c">c2015.</subfield>
  </datafield>
  <datafield tag="490" ind1=" " ind2=" ">
   <subfield code="a">Ακαδημαϊκά Ηλεκτρονικά Συγγράμματα και Βοηθήματα Κάλλιπος</subfield>
   <subfield code="8">40</subfield>
  </datafield>
  <datafield tag="520" ind1=" " ind2=" ">
   <subfield code="a">Ιστορία και Δραματολογία Ευρωπαϊκού Θεάτρου: από την Αναγέννηση ως τον 18ο αιώνα. Το προτεινόμενο σύγγραμμα θα χρησιμοποιηθεί σε προπτυχιακούς φοιτητές που διδάσκονται Ιστορία Ευρωπαϊκού ή/και Παγκόσμιου Θεάτρου στα Τμήματα Θεατρικών Σπουδών αλλά και σε μεταπτυχιακούς φοιτητές που ασχολούνται με τη Θεατρολογία. Το σύγγραμμα παρουσιάζει την ιστορία του θεάτρου από την Αναγέννηση μέχρι το τέλος του 18ου αιώνα σε συνδυασμό με τη δραματολογική ανάλυση αντιπροσωπευτικών έργων κορυφαίων δραματουργών της ευρωπαϊκής θεατρικής παράδοσης της εν λόγω περιόδου (Λόπε ντε Βέγκα, Καλντερόν ντέλα Μπάρκα, Κορνέιγ, Ρακίνας, Μολιέρος, Γκολντόνι, Μαριβώ, Μπωμαρσαί, Γκαίτε, Αλφιέρι). Θα σκιαγραφήσει τις ιστορικο-κοινωνικές και ιδεολογικές συνθήκες στις οποίες αναπτύχθηκαν τα θεατρικά είδη (τραγωδία, κωμωδία), τα στοιχεία που απαρτίζουν τη θεατρική παραγωγή (διαμόρφωση σκηνικού χώρου, σκηνογραφία, υποκριτική) καθώς και τα γενικότερα χαρακτηριστικά αλλά και τις υφολογικές ιδιαιτερότητες σημαντικών θεατρικών έργων που υπήρξαν ορόσημα στην εξέλιξη της θεατρικής γραφής στο πέρασμα από την Αναγέννηση στο ισπανικό μπαρόκ και τον γαλλικό κλασικισμό, ως το θέατρο του Διαφωτισμού και το αστικό δράμα του 18ου αιώνα. Κάθε κεφάλαιο, ανάλογα με τη θεματική του, θα πλαισιώνεται: α) από αποσπάσματα θεατρικών έργων στα οποία θα γίνεται δραματολογική ανάλυση με παρουσίαση της πλοκής, της κεντρικής ιδέας και του χαρακτηρισμού των βασικών προσώπων και β) από αποσπάσματα θεωρητικών κειμένων (π.χ. Πρόλογοι έργων, μελέτες, θεωρητικά έργα) με σύντομο σχολιασμό της προβληματικής και ασκήσεις εμβάθυνσης. Τα κεφάλαια θα ολοκληρώνονται από ασκήσεις πολλαπλής επιλογής και ενδεικτικές απαντήσεις για την καλύτερη εμπέδωση του διδακτικού υλικού.</subfield>
  </datafield>
  <datafield tag="650" ind1=" " ind2="0">
   <subfield code="a">Theater</subfield>
   <subfield code="x">Europe</subfield>
   <subfield code="v">History</subfield>
   <subfield code="8">1825</subfield>
  </datafield>
  <datafield tag="653" ind1=" " ind2=" ">
   <subfield code="a">Δραματολογική ανάλυση</subfield>
  </datafield>
  <datafield tag="653" ind1=" " ind2=" ">
   <subfield code="a">Θεατρικά έργα</subfield>
  </datafield>
  <datafield tag="653" ind1=" " ind2=" ">
   <subfield code="a">Ευρωπαϊκό θέατρο</subfield>
  </datafield>
  <datafield tag="653" ind1=" " ind2=" ">
   <subfield code="a">Δραματολογία</subfield>
  </datafield>
  <datafield tag="653" ind1=" " ind2=" ">
   <subfield code="a">Ιστορία του θεάτρου</subfield>
  </datafield>
  <datafield tag="653" ind1=" " ind2=" ">
   <subfield code="a">Τέχνες και γράμματα</subfield>
   <subfield code="a">Τέχνες του θεάματος</subfield>
   <subfield code="a">Θέατρο και παραστατικές τέχνες</subfield>
   <subfield code="a">Θέατρο</subfield>
  </datafield>
  <datafield tag="653" ind1=" " ind2=" ">
   <subfield code="a">Τέχνες και γράμματα</subfield>
   <subfield code="a">Φιλολογία</subfield>
   <subfield code="a">Λογοτεχνικές μορφές και λογοτεχνικά είδη</subfield>
   <subfield code="a">Πεζογραφία</subfield>
   <subfield code="a">Χειρόγραφα κείμενα/σενάρια</subfield>
   <subfield code="a">Κείμενα θεατρικών έργων</subfield>
  </datafield>
  <datafield tag="700" ind1="1" ind2=" ">
   <subfield code="a">Αλτουβά, Αλεξία</subfield>
   <subfield code="e">Συγγραφέας</subfield>
   <subfield code="8">1377</subfield>
  </datafield>
  <datafield tag="700" ind1="1" ind2=" ">
   <subfield code="a">Σπυριδοπούλου, Μαρία</subfield>
   <subfield code="e">Συγγραφέας</subfield>
   <subfield code="8">1378</subfield>
  </datafield>
  <datafield tag="700" ind1="1" ind2=" ">
   <subfield code="a">Λαλαγιάννη, Βασιλική</subfield>
   <subfield code="e">Κριτικός αναγνώστης</subfield>
   <subfield code="8">1379</subfield>
  </datafield>
  <datafield tag="856" ind1="4" ind2="0">
   <subfield code="u">http://hdl.handle.net/11419/2928</subfield>
   <subfield code="z">Πλήρες Κείμενο - Full text</subfield>
  </datafield>
  <datafield tag="907" ind1=" " ind2=" ">
   <subfield code="a">.b25677330</subfield>
   <subfield code="b">12-06-18</subfield>
   <subfield code="c">29-07-16</subfield>
  </datafield>
  <datafield tag="949" ind1=" " ind2=" ">
   <subfield code="0">0</subfield>
   <subfield code="1">0</subfield>
   <subfield code="2">ddc</subfield>
   <subfield code="4">0</subfield>
   <subfield code="6">792_090000000000000_ΤΑΜ</subfield>
   <subfield code="7">0</subfield>
   <subfield code="8">KALL</subfield>
   <subfield code="8">491</subfield>
   <subfield code="d">2016-04-13</subfield>
   <subfield code="r">2016-04-13</subfield>
   <subfield code="w">2016-04-13</subfield>
   <subfield code="z">792.09 ΤΑΜ</subfield>
   <subfield code="o">SEAB KALLIPOS</subfield>
  </datafield>
  <datafield tag="998" ind1=" " ind2=" ">
   <subfield code="a">80</subfield>
   <subfield code="a">01</subfield>
   <subfield code="a">02</subfield>
   <subfield code="a">03</subfield>
   <subfield code="a">04</subfield>
   <subfield code="a">05</subfield>
   <subfield code="a">06</subfield>
   <subfield code="a">07</subfield>
   <subfield code="a">08</subfield>
   <subfield code="a">09</subfield>
   <subfield code="a">10</subfield>
   <subfield code="a">11</subfield>
   <subfield code="a">12</subfield>
   <subfield code="a">13</subfield>
   <subfield code="a">14</subfield>
   <subfield code="a">15</subfield>
   <subfield code="a">16</subfield>
   <subfield code="a">17</subfield>
   <subfield code="a">18</subfield>
   <subfield code="a">19</subfield>
   <subfield code="a">20</subfield>
   <subfield code="a">21</subfield>
   <subfield code="a">22</subfield>
   <subfield code="a">23</subfield>
   <subfield code="a">24</subfield>
   <subfield code="a">25</subfield>
   <subfield code="a">26</subfield>
   <subfield code="b">16-01-03</subfield>
   <subfield code="c">m</subfield>
   <subfield code="d">z  </subfield>
   <subfield code="e">-</subfield>
   <subfield code="f">gre</subfield>
   <subfield code="g">gr </subfield>
   <subfield code="h">0</subfield>
  </datafield>
  <datafield tag="942" ind1=" " ind2=" ">
   <subfield code="2">ddc</subfield>
   <subfield code="c">KALLIPOS</subfield>
  </datafield>
 </record>
</collection>
